000 00687nam a22002291i 4500
001 16934
003 ES-MaACL
007 t|
008 001124s1981 sp ||||0| spa j
016 7 _zIND9300624528
020 _a84-85339-23-1
040 _aM-BN
_bspa
_cA2
080 _a860-821"19"
100 1 _aMuelas, Federico,
_d1909-1974
_984034
245 1 0 _aProsa (I) /
_cFederico Muelas.
260 _aCarboneras de Guadazaón [Cuenca] :
_bEl Toro de Barro,
_c1981.
300 _a298 p. ;
_c20 cm.
490 1 _aColección El Toro de Barro ;
_v14-I
830 0 _aColección El Toro de Barro ;
_v14-I
_9226760
852 _aES-MaACL
_jG-3408
_bR.122147
999 _c16934
_d16934